African Muslim Countries - Sudden Death - Statistics

General Stats
  • This quiz has been taken 71 times
  • The average score is 7 of 19
Answers on the Grid
Answers color-coded by a green-red scale on the quiz's grid according to % correct below.
Algeria
Angola
Benin
Burkina Faso
Burundi
Cameroon
Central African Rep.
Chad
Comoros
Djibouti
Egypt
Eritrea
Ethiopia
Gambia
Guinea
Guinea-Bissau
Ivory Coast
Liberia
Libya
Madagascar
Malawi
Mali
Mauritania
Mauritius
Morocco
Niger
Nigeria
Rep. of the Congo
Rwanda
Senegal
Sierra Leone
Somalia
South Sudan
Sudan
Tanzania
Tunisia
 
Answer Stats
Answer % Correct
Algeria
91%
Egypt
69%
Chad
51%
Djibouti
51%
Burkina Faso
42%
Comoros
42%
Libya
42%
Morocco
42%
Tunisia
42%
Somalia
38%
Sudan
36%
Mauritania
31%
Mali
29%
Niger
29%
Gambia
27%
Senegal
24%
Guinea
18%
Sierra Leone
11%
Nigeria
7%
No matching quizzes found
Score Distribution
Percent of People with Each Score
Percentile by Number Answered
Your Score History
You have not taken this quiz